Представление документа в формате RUSMARC

ПолеНазваниеЗначение
  Тип записи a
  Библиографический уровень m
001 Контрольный номер LIBNET\0000597990
005 Дата корректировки 20201206205002.9
010 Индекс ISBN __
a ISBN 978-5-222-24838-6 (в пер.)
d Цена 207-20
100 Данные общей обработки __
a Данные общей обработки 19160128d2016||||||| 0rusy0189 ca
101 Язык документа 0_
a Язык текста rus
102 Страна публикации __
a Страна публикации ru
105 Кодированные данные (монография) __
a Кодированные данные (монография) ||||||||000zy
200 Заглавие и сведения об ответственности 1_
a Заглавие Выплаты, льготы и компенсации молодым мамам и многодетным семьям
f Первые сведения об ответственности М. Ю. Ильичева
b Общее обозначение материала Текст
210 Выходные данные __
a Место издания Ростов-на-Дону
c Издательство Феникс
d Дата издания 2016
215 Физическое описание __
a Объем 185 с.
d Формат 21 см
225 Серия __
a Серия Закон и общество
300 Общие примечания __
a Общие примечания 2500 экз.
330 Аннотация __
a Аннотация Государственная поддержка материнства и детства в России не ограничивается системой государственных пособий гражданам и семьям, имеющим детей. Она носит комплексный характер и включает права, льготы и иные социальные меры, в том числе предусмотренные законодательством о социальной помощи, занятости, образовании, здравоохранении, налогах, целью которых является облегчение положения нуждающихся семей и обеспечение для них прожиточного минимума. Рекомендуется для самого широкого круга читателей.
606 Тематические рубрики __
a Основная рубрика Право
y Географическая подрубрика Российская Федерация
y Географическая подрубрика Россия
y Географическая подрубрика РФ
606 Тематические рубрики __
a Основная рубрика Право социального обеспечения
610 Ключевые слова __
a Ключевые слова государственные пособия
a Ключевые слова дети
a Ключевые слова законодательство
a Ключевые слова занятость
a Ключевые слова здравоохранение
a Ключевые слова компенсации
a Ключевые слова льготные категории
a Ключевые слова льготы
a Ключевые слова мамы
a Ключевые слова матери-одиночки
a Ключевые слова материнский капитал
a Ключевые слова многодетные семьи
a Ключевые слова налоги
a Ключевые слова образование
a Ключевые слова образцы заявлений
a Ключевые слова пособия
a Ключевые слова права
a Ключевые слова прожиточный минимум
a Ключевые слова социальная защита
a Ключевые слова социальная помощь
686 Индексы других классификаций __
2 Код системы rubbks
a Классификационный индекс 67.405.2(2Рос)
700 Автор _1
a Фамилия Ильичева
b Имя М. Ю.
g Полное личное имя Мария Юрьевна
4 Код отношения 070
801 Источник записи _0
a Страна ru
b Организация Муниципальное бюджетное учреждение культуры "Централизованная библиотечная система" г. Сургут (Центральная городская библиотека им. А. С. Пушкина)
c Дата составления 20160128
g Правила каталогизации КиК/Коробейникова
801 Источник записи _1
a Страна ru
b Организация Муниципальное бюджетное учреждение культуры "Централизованная библиотечная система" г. Сургут (Центральная городская библиотека им. А. С. Пушкина)
c Дата составления 20160128
g Правила каталогизации КиК/Коробейникова
852 Данные о местонахождении __
j Шифр хранения 67.405.2(2Рос)
i Авторский знак И 46
901 Тип документа __
t Тип документа m
903 Характеристики (МАРС) __
a Дата передачи 20160128
969 Тип издания __
a Тип издания научно-популярное издание
990 Данные о заказе (DOS) __
j Количество экземпляров (DOS) 2
t N записи в КСУ для И/У (DOS) 201602